000 00308nam a2200133Ia 4500
008 190216s9999||||xx |||||||||||||| ||und||
100 _aRaymond T Bye
245 0 _aPrinciples Of Economics
250 _a5th Ed.
260 _bTimes Of India Press
_c1964
300 _a691
650 _aEconomics
942 _cBK
999 _c9109
_d9109